Missing Word: Westerns A-Z Quiz Stats

 Plays Quiz Updated Aug 25, 2017

Challenge
Share
Tweet
Embed
Score 0/25 Timer 04:00
0 Plays Today
Hint Answer % Correct
___ Upon a Time in the WestOnce
97.7%
Butch Cassidy and the Sundance ___Kid
97.3%
The Good, the Bad and the ___Ugly
97.3%
How the ___ was WonWest
96.9%
High ___Noon
96.1%
Hang 'Em ___High
95.9%
Blazing ___Saddles
95.9%
True ___Grit
95.7%
___ Big ManLittle
91.9%
The Mark of ___Zorro
91.2%
3:10 to ___Yuma
88.7%
The ___ and the DeadQuick
85.6%
___ BravoRio
85.1%
Hint Answer % Correct
The Outlaw ___ WalesJosey
85.1%
Bad ___ at Black RockDay
84%
The Hateful ___Eight
82.4%
The Man Who Shot Liberty ___Valance
82%
___ Your WagonPaint
79%
The ___ of the Sierra MadreTreasure
75.8%
The Wild ___Bunch
74.8%
The Ox-Bow ___Incident
71.7%
Fort ___Apache
71.2%
The Assassination of Jesse James by the ___ Robert FordCoward
68.5%
Two ___ for Sister SaraMules
64.3%
Don't ___ Me InFence
63.4%

Today's Daily Dose

You're not logged in!

Compare scores with friends on all Sporcle quizzes.
Join for Free
OR
Log In

You Might Also Like...

Show Comments

Extras

Top Quizzes Today


Score Distribution

Your Account Isn't Verified!

In order to create a playlist on Sporcle, you need to verify the email address you used during registration. Go to your Sporcle Settings to finish the process.

Report this User

Report this user for behavior that violates our Community Guidelines.

Details: